000 00338nam a22001337a 4500
008 181009b xxu||||| |||| 00| 0 eng d
020 _a9780761927761
041 _aeng
080 _a311
100 _a55
101 _aSTA
245 _aStatistics For People Who Think They Hate Statistics
_cSalkinnd.N.J
942 _2udc
_cBK
999 _c49228
_d49228